[Event "Portugal Open 2020"]
[Site "Lisboa POR"]
[Date "2020.01.31"]
[Round "8.20"]
[White "BASHIRLI, Nail"]
[Black "SILICH, Yahor"]
[Result "1-0"]
[BlackElo "2158"]
[WhiteElo "2379"]
[LiveChessVersion "1.4.8"]

1. e4 {[%clk 1:30:28]} c5 {[%clk 1:30:33]} 2. Nf3 {[%clk 1:29:37]} Nc6
{[%clk 1:30:14]} 3. d4 {[%clk 1:30:02]} cxd4 {[%clk 1:30:15]} 4. Nxd4
{[%clk 1:30:29]} g6 {[%clk 1:29:22]} 5. c4 {[%clk 1:30:54]} Bg7 {[%clk 1:29:12]}
6. Be3 {[%clk 1:31:19]} Nf6 {[%clk 1:29:13]} 7. Nc3 {[%clk 1:31:43]} O-O
{[%clk 1:29:16]} 8. Be2 {[%clk 1:31:34]} d6 {[%clk 1:28:43]} 9. O-O
{[%clk 1:31:52]} Bd7 {[%clk 1:28:50]} 10. Qd2 {[%clk 1:30:10]} Nxd4
{[%clk 1:28:32]} 11. Bxd4 {[%clk 1:30:25]} Bc6 {[%clk 1:28:29]} 12. f3
{[%clk 1:30:51]} a5 {[%clk 1:28:04]} 13. Rfc1 {[%clk 1:28:57]} Nd7
{[%clk 1:27:16]} 14. Be3 {[%clk 1:28:13]} Nc5 {[%clk 1:27:22]} 15. b3
{[%clk 1:27:34]} e6 {[%clk 1:26:50]} 16. Rc2 {[%clk 1:21:00]} Be5
{[%clk 1:25:11]} 17. Bf1 {[%clk 1:18:57]} Qh4 {[%clk 1:13:58]} 18. g3
{[%clk 1:19:00]} Qe7 {[%clk 1:14:22]} 19. Re1 {[%clk 1:17:21]} b6
{[%clk 1:09:30]} 20. Bg2 {[%clk 1:14:55]} f5 {[%clk 1:04:39]} 21. exf5
{[%clk 1:11:12]} gxf5 {[%clk 1:04:36]} 22. f4 {[%clk 0:56:45]} Bxc3
{[%clk 1:01:54]} 23. Rxc3 {[%clk 0:52:54]} Ne4 {[%clk 0:53:12]} 24. Bxe4
{[%clk 0:52:20]} Bxe4 {[%clk 0:53:36]} 25. Bxb6 {[%clk 0:52:15]} Ra6
{[%clk 0:52:27]} 26. Bf2 {[%clk 0:44:48]} Ba8 {[%clk 0:44:16]} 27. Kf1
{[%clk 0:28:47]} Re8 {[%clk 0:41:26]} 28. Ke2 {[%clk 0:25:11]} Qb7
{[%clk 0:35:24]} 29. Rg1 {[%clk 0:21:34]} a4 {[%clk 0:27:20]} 30. g4
{[%clk 0:21:00]} axb3 {[%clk 0:22:42]} 31. Rxb3 {[%clk 0:13:35]} Qe4+
{[%clk 0:21:11]} 32. Kd1 {[%clk 0:14:00]} Kf8 {[%clk 0:02:26]} 33. gxf5
{[%clk 0:13:41]} Qxf5 {[%clk 0:02:40]} 34. Rg5 {[%clk 0:13:25]} Qf7
{[%clk 0:02:12]} 35. Bb6 {[%clk 0:12:50]} Ke7 {[%clk 0:01:02]} 36. c5
{[%clk 0:10:55]} Bd5 {[%clk 0:00:33]} 37. cxd6+ {[%clk 0:11:21]} Kd7
{[%clk 0:00:38]} 38. Rc3 Bc6 {[%clk 0:00:31]} 39. Rxc6 {[%clk 0:10:12]} Kxc6
{[%clk 0:00:45]} 40. d7 {[%clk 0:10:33]} Rxb6 {[%clk 0:00:35]} 41. dxe8=Q+
{[%clk 0:10:51]} Qxe8 {[%clk 0:01:00]} 42. Qc3+ {[%clk 0:11:12]} Kb7
{[%clk 0:00:50]} 43. Rg7+ {[%clk 0:11:40]} Ka6 {[%clk 0:01:10]} 44. Qa3+
{[%clk 0:12:07]} Kb5 {[%clk 0:01:32]} 45. Rg5+ {[%clk 0:12:35]} Kc6
{[%clk 0:01:17]} 46. Qa4+ {[%clk 0:13:01]} Kd5 1-0

[Event "Portugal Open 2020"]
[Site "Lisboa POR"]
[Date "2020.01.31"]
[Round "8.21"]
[White "GONZALEZ TRIGAL, Jose Luis"]
[Black "TSCHAROTSCHKIN, Michael"]
[Result "1/2-1/2"]
[BlackElo "2156"]
[WhiteElo "2369"]
[LiveChessVersion "1.4.8"]

1. d4 d5 {[%clk 1:28:40]} 2. c4 {[%clk 1:31:19]} e6 {[%clk 1:29:05]} 3. Nf3
{[%clk 1:31:34]} c6 {[%clk 1:29:10]} 4. e3 {[%clk 1:31:12]} f5 {[%clk 1:29:35]}
5. Bd3 {[%clk 1:31:13]} Nf6 {[%clk 1:29:58]} 6. O-O {[%clk 1:31:16]} Bd6
{[%clk 1:30:24]} 7. b3 {[%clk 1:31:16]} Qe7 {[%clk 1:30:48]} 8. Bb2
{[%clk 1:31:38]} O-O {[%clk 1:31:09]} 9. Qc1 {[%clk 1:31:35]} Bd7
{[%clk 1:31:22]} 10. Ba3 {[%clk 1:31:24]} Be8 {[%clk 1:31:45]} 11. Bxd6
{[%clk 1:27:58]} Qxd6 {[%clk 1:32:09]} 12. Qa3 {[%clk 1:28:20]} Qxa3
{[%clk 1:32:34]} 13. Nxa3 {[%clk 1:28:43]} Ne4 {[%clk 1:32:53]} 14. Ne5
{[%clk 1:21:57]} Nd7 {[%clk 1:33:15]} 15. Nxd7 {[%clk 1:19:25]} Bxd7
{[%clk 1:33:38]} 16. f3 {[%clk 1:19:39]} Nf6 {[%clk 1:32:18]} 17. Rfc1
{[%clk 1:11:20]} a5 {[%clk 1:27:07]} 18. c5 {[%clk 1:07:16]} b5 {[%clk 1:24:34]}
19. cxb6 {[%clk 1:04:27]} Rfb8 {[%clk 1:24:46]} 20. Nb1 {[%clk 1:04:21]} a4
{[%clk 1:21:29]} 21. bxa4 {[%clk 1:00:44]} Rxa4 {[%clk 1:21:50]} 22. Nc3
{[%clk 1:01:02]} Ra3 {[%clk 1:21:50]} 23. Rab1 {[%clk 0:54:57]} Bc8
{[%clk 1:21:00]} 24. Kf2 {[%clk 0:50:50]} Nd7 {[%clk 1:21:09]} 25. Ke2
{[%clk 0:49:20]} Rxb6 {[%clk 1:21:28]} 26. Kd2 {[%clk 0:44:44]} Ba6
{[%clk 1:20:06]} 27. Bc2 {[%clk 0:39:57]} Kf7 {[%clk 1:11:03]} 28. Bb3
{[%clk 0:33:33]} Rb4 {[%clk 1:06:41]} 29. Bc2 {[%clk 0:27:57]} Rb6
{[%clk 1:05:35]} 30. Bb3 {[%clk 0:28:01]} Rb4 {[%clk 1:05:54]} 31. Bc2
{[%clk 0:25:04]} 1/2-1/2

[Event "Portugal Open 2020"]
[Site "Lisboa POR"]
[Date "2020.01.31"]
[Round "8.22"]
[White "NAPOLI, Nicolo"]
[Black "FIDALGO, Daniel Neves"]
[Result "1-0"]
[BlackElo "2076"]
[WhiteElo "2333"]
[LiveChessVersion "1.4.8"]

1. Nf3 {[%clk 1:30:57]} Nf6 {[%clk 1:30:49]} 2. g3 {[%clk 1:31:23]} g6
{[%clk 1:31:14]} 3. Bg2 {[%clk 1:31:50]} Bg7 {[%clk 1:31:35]} 4. O-O
{[%clk 1:31:55]} O-O {[%clk 1:31:21]} 5. c4 {[%clk 1:32:11]} d5 {[%clk 1:31:38]}
6. cxd5 {[%clk 1:32:16]} Nxd5 {[%clk 1:31:48]} 7. Nc3 {[%clk 1:30:51]} Nb6
{[%clk 1:24:39]} 8. b3 {[%clk 1:30:30]} Nc6 {[%clk 1:24:37]} 9. Bb2
{[%clk 1:30:46]} e5 {[%clk 1:19:54]} 10. d3 {[%clk 1:28:33]} a5 {[%clk 1:17:51]}
11. Nd2 {[%clk 1:24:40]} Nd4 {[%clk 1:14:16]} 12. Nc4 {[%clk 1:22:23]} Nxc4
{[%clk 1:11:34]} 13. dxc4 {[%clk 1:22:41]} Rb8 {[%clk 1:01:53]} 14. e3
{[%clk 1:17:14]} Ne6 {[%clk 1:02:03]} 15. Qe2 {[%clk 1:17:33]} f5
{[%clk 0:59:48]} 16. Rfd1 {[%clk 1:13:09]} Qe8 {[%clk 0:58:19]} 17. Rd2
{[%clk 1:06:23]} c6 {[%clk 0:57:48]} 18. Rad1 {[%clk 1:05:28]} e4
{[%clk 0:51:18]} 19. Rc2 {[%clk 0:59:38]} Qe7 {[%clk 0:48:11]} 20. Rdd2
{[%clk 0:57:57]} Bd7 {[%clk 0:46:07]} 21. Qd1 {[%clk 0:55:15]} Rfd8
{[%clk 0:42:54]} 22. Qc1 {[%clk 0:55:25]} Be8 {[%clk 0:39:18]} 23. Ba3
{[%clk 0:54:44]} Qf6 {[%clk 0:39:00]} 24. Bd6 {[%clk 0:54:12]} Rxd6
{[%clk 0:34:53]} 25. Rxd6 {[%clk 0:54:37]} Bf8 {[%clk 0:34:22]} 26. Rd1
{[%clk 0:54:02]} g5 {[%clk 0:34:17]} 27. Bf1 {[%clk 0:48:24]} Bh5
{[%clk 0:34:17]} 28. Be2 {[%clk 0:48:01]} Bxe2 {[%clk 0:28:12]} 29. Nxe2
{[%clk 0:48:21]} Nc5 {[%clk 0:26:49]} 30. Rcd2 {[%clk 0:46:59]} Re8
{[%clk 0:25:53]} 31. Qc3 {[%clk 0:45:56]} Qe7 {[%clk 0:23:34]} 32. Qxa5
{[%clk 0:32:57]} f4 {[%clk 0:23:54]} 33. gxf4 {[%clk 0:27:50]} gxf4
{[%clk 0:23:54]} 34. Nxf4 {[%clk 0:27:27]} Qh4 {[%clk 0:23:52]} 35. Kh1
{[%clk 0:26:33]} Re5 {[%clk 0:22:59]} 36. Rg1+ {[%clk 0:23:27]} Rg5
{[%clk 0:21:46]} 37. Rdd1 {[%clk 0:22:56]} Kf7 {[%clk 0:21:11]} 38. Qc7+
{[%clk 0:20:10]} Be7 {[%clk 0:21:30]} 39. Rxg5 {[%clk 0:19:40]} Qxg5
{[%clk 0:21:48]} 40. Rg1 {[%clk 0:19:41]} Qh4 {[%clk 0:22:13]} 41. Qe5
{[%clk 0:18:52]} Nd3 {[%clk 0:19:15]} 42. Qe6+ {[%clk 0:18:41]} 1-0

[Event "Portugal Open 2020"]
[Site "Lisboa POR"]
[Date "2020.01.31"]
[Round "8.23"]
[White "RISTING, Eivind Olav"]
[Black "FERNANDES, Ricardo Paulos"]
[Result "1-0"]
[BlackElo "2100"]
[WhiteElo "2306"]
[LiveChessVersion "1.4.8"]

1. d4 {[%clk 1:24:53]} Nf6 {[%clk 1:30:58]} 2. c4 {[%clk 1:25:17]} g6
{[%clk 1:31:24]} 3. Nc3 {[%clk 1:25:40]} Bg7 {[%clk 1:31:51]} 4. e4
{[%clk 1:26:02]} d6 {[%clk 1:32:08]} 5. h3 {[%clk 1:26:25]} O-O {[%clk 1:31:10]}
6. Be3 {[%clk 1:26:46]} Nbd7 {[%clk 1:26:22]} 7. Nf3 {[%clk 1:26:25]} e5
{[%clk 1:25:47]} 8. d5 {[%clk 1:26:33]} Qe7 {[%clk 1:16:35]} 9. g4
{[%clk 1:18:53]} Nc5 {[%clk 1:14:24]} 10. Nd2 {[%clk 1:18:01]} a5
{[%clk 1:13:08]} 11. Be2 {[%clk 1:13:48]} Ne8 {[%clk 1:11:54]} 12. h4
{[%clk 1:02:42]} f5 {[%clk 1:10:15]} 13. gxf5 {[%clk 0:39:00]} gxf5
{[%clk 1:10:36]} 14. exf5 {[%clk 0:37:49]} Bxf5 {[%clk 1:09:39]} 15. Nf1
{[%clk 0:37:19]} Nf6 {[%clk 0:58:16]} 16. Ng3 {[%clk 0:37:21]} Bd7
{[%clk 0:58:38]} 17. Rg1 {[%clk 0:33:36]} Kh8 {[%clk 0:53:55]} 18. h5
{[%clk 0:30:24]} h6 {[%clk 0:52:14]} 19. Qd2 {[%clk 0:30:08]} Ng8
{[%clk 0:49:24]} 20. O-O-O {[%clk 0:29:50]} b6 {[%clk 0:48:54]} 21. Nge4
{[%clk 0:26:21]} Bf5 {[%clk 0:44:18]} 22. Nxc5 {[%clk 0:25:05]} bxc5
{[%clk 0:44:41]} 23. Bg4 {[%clk 0:24:47]} a4 {[%clk 0:36:42]} 24. Bxf5
{[%clk 0:24:39]} Rxf5 {[%clk 0:37:03]} 25. a3 {[%clk 0:22:47]} Raf8
{[%clk 0:19:43]} 26. Rg6 {[%clk 0:21:44]} Rxh5 {[%clk 0:17:32]} 27. Rdg1
{[%clk 0:21:41]} Rf7 {[%clk 0:17:56]} 28. Nxa4 {[%clk 0:21:09]} Rh4
{[%clk 0:16:54]} 29. Qe2 {[%clk 0:19:57]} Qd7 {[%clk 0:16:50]} 30. Nc3
{[%clk 0:19:55]} Ne7 {[%clk 0:13:07]} 31. R6g4 {[%clk 0:17:15]} Rxg4
{[%clk 0:13:34]} 32. Qxg4 {[%clk 0:17:23]} Nf5 {[%clk 0:13:12]} 33. Kb1
{[%clk 0:14:26]} Qc8 {[%clk 0:08:57]} 34. Ne4 {[%clk 0:13:55]} Qf8
{[%clk 0:05:38]} 35. Bc1 {[%clk 0:09:00]} Nd4 {[%clk 0:04:04]} 36. Rh1
{[%clk 0:07:54]} Rf4 {[%clk 0:00:45]} 37. Bxf4 {[%clk 0:07:35]} exf4
{[%clk 0:01:11]} 38. Qg6 {[%clk 0:07:22]} Nf3 {[%clk 0:00:53]} 39. Nf6
{[%clk 0:02:34]} Ng5 {[%clk 0:00:36]} 40. Qxg5 {[%clk 0:02:37]} 1-0

[Event "Portugal Open 2020"]
[Site "Lisboa POR"]
[Date "2020.01.31"]
[Round "8.24"]
[White "CORREIA, Mario Rui"]
[Black "CHKHAIDZE, Nikoloz"]
[Result "1/2-1/2"]
[BlackElo "2288"]
[WhiteElo "2133"]
[LiveChessVersion "1.4.8"]

1. e4 {[%clk 1:30:56]} e5 {[%clk 1:30:57]} 2. Nf3 {[%clk 1:31:18]} Nc6
{[%clk 1:31:27]} 3. d4 {[%clk 1:31:40]} exd4 {[%clk 1:31:55]} 4. Nxd4
{[%clk 1:32:01]} Nf6 {[%clk 1:32:23]} 5. Nxc6 {[%clk 1:32:21]} bxc6
{[%clk 1:32:51]} 6. e5 {[%clk 1:32:42]} Qe7 {[%clk 1:33:16]} 7. Qe2
{[%clk 1:33:04]} Nd5 {[%clk 1:33:44]} 8. c4 {[%clk 1:33:27]} Nb6 {[%clk 1:33:51]}
9. b3 {[%clk 1:31:49]} Qe6 {[%clk 1:33:42]} 10. g3 {[%clk 1:27:49]} Bb4+
{[%clk 1:31:55]} 11. Bd2 {[%clk 1:28:00]} a5 {[%clk 1:32:16]} 12. Bg2
{[%clk 1:28:09]} O-O {[%clk 1:32:31]} 13. O-O {[%clk 1:27:19]} d5
{[%clk 1:30:01]} 14. a3 {[%clk 1:20:37]} Bxd2 {[%clk 1:23:14]} 15. Nxd2
{[%clk 1:20:58]} Ba6 {[%clk 1:18:05]} 16. Rfc1 {[%clk 1:09:15]} f6
{[%clk 1:06:25]} 17. f4 {[%clk 1:03:55]} Rfe8 {[%clk 1:06:07]} 18. Nf3
{[%clk 0:53:56]} Qf7 {[%clk 0:56:11]} 19. Qb2 {[%clk 0:48:34]} dxc4
{[%clk 0:52:57]} 20. exf6 {[%clk 0:48:45]} gxf6 {[%clk 0:40:00]} 21. Nd4
{[%clk 0:48:54]} c5 {[%clk 0:32:42]} 22. Nf5 {[%clk 0:48:47]} Qe6
{[%clk 0:32:20]} 23. Bh3 {[%clk 0:47:56]} Qc6 {[%clk 0:19:43]} 24. Bg2
{[%clk 0:40:17]} Qe6 {[%clk 0:19:25]} 25. Bh3 {[%clk 0:40:41]} Qc6
{[%clk 0:18:20]} 26. Bg2 1/2-1/2

[Event "Portugal Open 2020"]
[Site "Lisboa POR"]
[Date "2020.01.31"]
[Round "8.25"]
[White "MALOBERTI, David"]
[Black "GRABUZOVA, Tatiana"]
[Result "1/2-1/2"]
[BlackElo "2284"]
[WhiteElo "2017"]
[LiveChessVersion "1.4.8"]

1. d4 {[%clk 1:30:49]} e6 {[%clk 1:30:14]} 2. c4 {[%clk 1:31:10]} f5
{[%clk 1:30:01]} 3. Nf3 {[%clk 1:31:16]} Nf6 {[%clk 1:30:24]} 4. Nc3
{[%clk 1:31:18]} Bb4 {[%clk 1:30:42]} 5. Qb3 {[%clk 1:30:48]} a5 {[%clk 1:30:46]}
6. a3 {[%clk 1:28:22]} a4 {[%clk 1:30:13]} 7. Qc2 {[%clk 1:28:47]} Bxc3+
{[%clk 1:22:36]} 8. Qxc3 {[%clk 1:29:12]} Ne4 {[%clk 1:23:00]} 9. Qc2
{[%clk 1:25:46]} d6 {[%clk 1:20:01]} 10. Nd2 {[%clk 1:24:12]} Nxd2
{[%clk 1:19:45]} 11. Bxd2 {[%clk 1:24:36]} Nc6 {[%clk 1:15:33]} 12. Bc3
{[%clk 1:22:37]} e5 {[%clk 1:13:41]} 13. d5 {[%clk 1:15:00]} Ne7 {[%clk 1:10:19]}
14. O-O-O {[%clk 1:08:58]} O-O {[%clk 0:58:14]} 15. e3 {[%clk 0:59:18]} Ng6
{[%clk 0:49:37]} 16. Be2 {[%clk 0:56:09]} f4 {[%clk 0:43:47]} 17. Bd3
{[%clk 0:45:37]} fxe3 {[%clk 0:42:52]} 18. fxe3 {[%clk 0:45:59]} Qg5
{[%clk 0:39:57]} 19. Qd2 {[%clk 0:44:12]} Bf5 {[%clk 0:31:47]} 20. e4
{[%clk 0:38:10]} Qxd2+ {[%clk 0:31:18]} 21. Bxd2 {[%clk 0:38:12]} Bg4
{[%clk 0:30:16]} 22. Rdf1 {[%clk 0:37:49]} Nh4 {[%clk 0:28:02]} 23. Rhg1
{[%clk 0:35:23]} Rxf1+ {[%clk 0:27:40]} 24. Bxf1 {[%clk 0:35:51]} Rf8
{[%clk 0:25:55]} 25. Be3 {[%clk 0:35:51]} Ng6 {[%clk 0:25:54]} 26. g3
{[%clk 0:35:53]} Ne7 {[%clk 0:18:44]} 27. Kd2 {[%clk 0:34:33]} Nc8
{[%clk 0:18:26]} 28. Be2 {[%clk 0:30:22]} Bxe2 {[%clk 0:15:10]} 29. Kxe2
{[%clk 0:30:46]} Nb6 {[%clk 0:15:27]} 30. Rc1 {[%clk 0:31:06]} Nd7
{[%clk 0:15:14]} 31. c5 {[%clk 0:31:11]} Nf6 {[%clk 0:13:19]} 32. cxd6
{[%clk 0:30:57]} cxd6 {[%clk 0:13:40]} 33. Rc7 {[%clk 0:25:04]} Nxe4
{[%clk 0:13:43]} 34. Rxb7 {[%clk 0:25:29]} Nf6 {[%clk 0:13:45]} 35. Rb6
{[%clk 0:22:35]} Nxd5 {[%clk 0:12:52]} 36. Rxd6 {[%clk 0:23:00]} Nxe3
{[%clk 0:12:51]} 37. Kxe3 {[%clk 0:23:26]} Rb8 {[%clk 0:13:13]} 38. Rd2
{[%clk 0:23:46]} Kf7 {[%clk 0:13:30]} 39. Ke4 {[%clk 0:24:07]} Ke6
{[%clk 0:13:55]} 40. Rc2 {[%clk 0:23:51]} 1/2-1/2

[Event "Portugal Open 2020"]
[Site "Lisboa POR"]
[Date "2020.01.31"]
[Round "8.26"]
[White "XU, Yang"]
[Black "FIDALGO, Andre Neves"]
[Result "0-1"]
[BlackElo "2282"]
[WhiteElo "2047"]
[LiveChessVersion "1.4.8"]

1. e4 {[%clk 1:30:53]} c5 {[%clk 1:30:53]} 2. d3 {[%clk 1:30:54]} g6
{[%clk 1:31:02]} 3. g3 {[%clk 1:31:19]} Bg7 {[%clk 1:30:59]} 4. Bg2
{[%clk 1:31:44]} Nc6 {[%clk 1:31:25]} 5. c3 {[%clk 1:31:49]} Nf6 {[%clk 1:31:46]}
6. Be3 {[%clk 1:28:22]} d6 {[%clk 1:32:08]} 7. h3 {[%clk 1:27:07]} Rb8
{[%clk 1:30:53]} 8. Ne2 {[%clk 1:24:20]} Bd7 {[%clk 1:25:04]} 9. Qd2
{[%clk 1:19:54]} h5 {[%clk 1:24:52]} 10. d4 {[%clk 1:14:43]} b6 {[%clk 1:24:23]}
11. Na3 {[%clk 1:13:23]} Qc8 {[%clk 1:21:18]} 12. Rd1 {[%clk 1:07:47]} Qa6
{[%clk 1:10:31]} 13. O-O {[%clk 0:36:53]} Qc8 {[%clk 1:06:15]} 14. Kh2
{[%clk 0:19:56]} h4 {[%clk 0:42:28]} 15. g4 {[%clk 0:20:20]} Bxg4
{[%clk 0:41:55]} 16. hxg4 {[%clk 0:19:20]} Nxg4+ {[%clk 0:42:18]} 17. Kh1
{[%clk 0:19:10]} h3 {[%clk 0:42:40]} 18. Bf3 {[%clk 0:19:33]} Nge5
{[%clk 0:39:43]} 19. dxe5 {[%clk 0:17:15]} Nxe5 {[%clk 0:40:07]} 20. Ng1
{[%clk 0:16:56]} h2 {[%clk 0:40:32]} 21. Bg2 {[%clk 0:16:58]} hxg1=Q+
{[%clk 0:40:54]} 22. Kxg1 {[%clk 0:17:25]} Nf3+ {[%clk 0:40:34]} 23. Bxf3
{[%clk 0:17:38]} Qh3 {[%clk 0:40:57]} 24. Bh5 {[%clk 0:16:32]} Rxh5
{[%clk 0:40:08]} 25. f3 {[%clk 0:16:14]} Qh1+ {[%clk 0:31:05]} 26. Kf2
{[%clk 0:16:38]} Rh2+ {[%clk 0:31:31]} 27. Ke1 {[%clk 0:15:15]} Rxd2
{[%clk 0:31:51]} 28. Rxh1 {[%clk 0:15:14]} Rxb2 {[%clk 0:32:16]} 29. Nb1
{[%clk 0:15:20]} Rxa2 {[%clk 0:31:26]} 30. Rh7 {[%clk 0:14:50]} Kd7
{[%clk 0:27:03]} 31. Bd2 {[%clk 0:08:43]} Rg8 {[%clk 0:27:02]} 32. Ke2
{[%clk 0:08:17]} b5 {[%clk 0:27:27]} 33. f4 {[%clk 0:07:24]} a5 {[%clk 0:23:22]}
34. Kf3 {[%clk 0:06:35]} Kc6 {[%clk 0:21:48]} 35. f5 {[%clk 0:05:33]} Bf6
{[%clk 0:19:42]} 36. Rg1 {[%clk 0:02:34]} Ra1 {[%clk 0:18:44]} 0-1

[Event "Portugal Open 2020"]
[Site "Lisboa POR"]
[Date "2020.01.31"]
[Round "8.27"]
[White "BABA, Masahiro"]
[Black "JORGE, Rita"]
[Result "1-0"]
[BlackElo "1932"]
[WhiteElo "2274"]
[LiveChessVersion "1.4.8"]

1. e4 {[%clk 1:30:56]} e5 {[%clk 1:30:56]} 2. Nf3 {[%clk 1:31:22]} Nc6
{[%clk 1:31:23]} 3. Bb5 {[%clk 1:31:46]} a6 {[%clk 1:31:46]} 4. Ba4
{[%clk 1:32:11]} Nf6 {[%clk 1:32:07]} 5. O-O {[%clk 1:32:33]} Be7
{[%clk 1:32:29]} 6. Re1 {[%clk 1:32:57]} b5 {[%clk 1:32:48]} 7. Bb3
{[%clk 1:33:21]} d6 {[%clk 1:33:13]} 8. c3 {[%clk 1:33:47]} O-O {[%clk 1:33:22]}
9. h3 {[%clk 1:34:12]} Nb8 {[%clk 1:33:33]} 10. d4 {[%clk 1:34:03]} Nbd7
{[%clk 1:33:49]} 11. Nbd2 {[%clk 1:33:44]} Bb7 {[%clk 1:34:11]} 12. Bc2
{[%clk 1:33:27]} Re8 {[%clk 1:34:33]} 13. Nf1 {[%clk 1:32:14]} Bf8
{[%clk 1:34:55]} 14. Ng3 {[%clk 1:32:37]} g6 {[%clk 1:35:18]} 15. Bg5
{[%clk 1:30:29]} h6 {[%clk 1:34:55]} 16. Bd2 {[%clk 1:30:30]} Bg7
{[%clk 1:33:10]} 17. b3 {[%clk 1:26:15]} Nb6 {[%clk 1:25:51]} 18. Qc1
{[%clk 1:16:35]} Kh7 {[%clk 1:20:14]} 19. Bd3 {[%clk 1:11:13]} Nfd7
{[%clk 1:16:01]} 20. Qc2 {[%clk 0:53:18]} exd4 {[%clk 1:04:35]} 21. cxd4
{[%clk 0:51:10]} c5 {[%clk 1:04:13]} 22. a4 {[%clk 0:38:05]} bxa4
{[%clk 0:56:51]} 23. bxa4 {[%clk 0:38:28]} a5 {[%clk 0:29:19]} 24. Bc3
{[%clk 0:34:28]} cxd4 {[%clk 0:20:54]} 25. Bxd4 {[%clk 0:34:43]} Bxd4
{[%clk 0:18:19]} 26. Nxd4 {[%clk 0:35:07]} d5 {[%clk 0:14:33]} 27. Nb5
{[%clk 0:32:16]} Ne5 {[%clk 0:13:49]} 28. Rad1 {[%clk 0:31:02]} Rc8
{[%clk 0:10:06]} 29. Qb3 {[%clk 0:30:50]} Qf6 {[%clk 0:06:53]} 30. Bf1
{[%clk 0:23:45]} Red8 {[%clk 0:05:09]} 31. Qe3 {[%clk 0:19:11]} Nec4
{[%clk 0:03:49]} 32. Qb3 {[%clk 0:17:24]} dxe4 {[%clk 0:02:07]} 33. Rxd8
{[%clk 0:15:20]} Qxd8 {[%clk 0:02:31]} 34. Nxe4 {[%clk 0:15:22]} Qe7
{[%clk 0:01:39]} 35. Qf3 {[%clk 0:08:41]} Kg7 36. Qc3+ {[%clk 0:08:18]} f6
{[%clk 0:00:37]} 37. Ned6 {[%clk 0:06:36]} Qd7 {[%clk 0:00:36]} 38. Nxc8
{[%clk 0:06:45]} Qxc8 {[%clk 0:00:34]} 39. Re7+ {[%clk 0:07:03]} Kg8
{[%clk 0:00:48]} 40. Qxf6 {[%clk 0:07:12]} 1-0

[Event "Portugal Open 2020"]
[Site "Lisboa POR"]
[Date "2020.01.31"]
[Round "8.28"]
[White "CORBALAN GOMEZ, Juan Jose"]
[Black "SALTAO, Joao"]
[Result "1/2-1/2"]
[BlackElo "1912"]
[WhiteElo "2243"]
[LiveChessVersion "1.4.8"]

1. e4 {[%clk 1:30:58]} e6 {[%clk 1:30:55]} 2. d4 {[%clk 1:31:25]} d5
{[%clk 1:31:21]} 3. Nd2 {[%clk 1:31:51]} dxe4 {[%clk 1:31:47]} 4. Nxe4
{[%clk 1:32:18]} Bd7 {[%clk 1:32:09]} 5. Nf3 {[%clk 1:32:06]} Bc6
{[%clk 1:32:33]} 6. Bd3 {[%clk 1:32:35]} Nd7 {[%clk 1:32:57]} 7. Qe2
{[%clk 1:32:47]} Be7 {[%clk 1:30:06]} 8. Bd2 {[%clk 1:29:52]} Ngf6
{[%clk 1:29:41]} 9. O-O-O {[%clk 1:25:56]} Nxe4 {[%clk 1:26:40]} 10. Bxe4
{[%clk 1:26:20]} Bxe4 {[%clk 1:27:06]} 11. Qxe4 {[%clk 1:26:47]} c6
{[%clk 1:27:24]} 12. Kb1 {[%clk 1:22:14]} Qb6 {[%clk 1:24:02]} 13. c4
{[%clk 1:21:11]} O-O {[%clk 1:16:21]} 14. h4 {[%clk 1:20:38]} Nf6
{[%clk 1:14:04]} 15. Qe2 {[%clk 1:19:58]} c5 {[%clk 1:13:22]} 16. Bc3
{[%clk 1:15:23]} Rfd8 {[%clk 1:08:43]} 17. h5 {[%clk 1:09:01]} cxd4
{[%clk 0:55:38]} 18. Bxd4 {[%clk 1:06:57]} Qc6 {[%clk 0:55:22]} 19. Rde1
{[%clk 0:53:24]} Rac8 {[%clk 0:34:29]} 20. Ne5 {[%clk 0:46:19]} Qa4
{[%clk 0:32:11]} 21. Rd1 {[%clk 0:11:50]} b5 22. Rhe1 {[%clk 0:10:30]} Rc7
{[%clk 0:17:26]} 23. Bc3 {[%clk 0:06:20]} Rxd1+ {[%clk 0:14:54]} 24. Rxd1
{[%clk 0:06:50]} bxc4 {[%clk 0:14:27]} 25. Qf3 {[%clk 0:07:07]} Qe8
{[%clk 0:11:51]} 26. h6 {[%clk 0:03:58]} Nd5 {[%clk 0:10:33]} 27. Bd4 1/2-1/2

[Event "Portugal Open 2020"]
[Site "Lisboa POR"]
[Date "2020.01.31"]
[Round "8.29"]
[White "CASAGRANDE, Federico"]
[Black "LEKIC, Dusan"]
[Result "1-0"]
[BlackElo "2343"]
[WhiteElo "1999"]
[LiveChessVersion "1.4.8"]

1. d4 {[%clk 1:30:32]} Nf6 {[%clk 1:30:42]} 2. c4 {[%clk 1:30:58]} e6
{[%clk 1:31:03]} 3. Nf3 {[%clk 1:31:25]} d5 {[%clk 1:31:19]} 4. Nc3
{[%clk 1:31:47]} c6 {[%clk 1:31:29]} 5. e3 {[%clk 1:30:46]} Nbd7 {[%clk 1:31:28]}
6. Bd3 {[%clk 1:31:02]} dxc4 {[%clk 1:31:14]} 7. Bxc4 {[%clk 1:31:17]} b5
{[%clk 1:31:35]} 8. Bb3 {[%clk 1:26:13]} b4 {[%clk 1:30:51]} 9. Ne2
{[%clk 1:25:33]} Bb7 {[%clk 1:30:22]} 10. O-O {[%clk 1:24:04]} Bd6
{[%clk 1:30:25]} 11. Ng3 {[%clk 1:22:30]} c5 {[%clk 1:25:53]} 12. Qe2
{[%clk 1:12:54]} h5 {[%clk 1:17:57]} 13. Rd1 {[%clk 1:06:40]} h4 {[%clk 1:16:26]}
14. Nf1 {[%clk 1:06:42]} h3 {[%clk 1:15:57]} 15. g3 {[%clk 1:06:14]} Rc8
{[%clk 1:09:47]} 16. N1d2 {[%clk 0:59:12]} Ne4 {[%clk 1:01:48]} 17. d5
{[%clk 0:40:31]} Nxd2 {[%clk 0:59:31]} 18. Rxd2 {[%clk 0:40:15]} e5
{[%clk 0:58:05]} 19. e4 {[%clk 0:38:20]} Nb6 {[%clk 0:48:39]} 20. Rc2
{[%clk 0:37:06]} g6 {[%clk 0:39:28]} 21. Be3 {[%clk 0:27:02]} Qd7
{[%clk 0:38:20]} 22. Rac1 {[%clk 0:26:31]} Qg4 {[%clk 0:38:24]} 23. Bxc5
{[%clk 0:22:40]} Bxc5 {[%clk 0:38:21]} 24. Rxc5 {[%clk 0:22:57]} O-O
{[%clk 0:38:10]} 25. Nd4 {[%clk 0:20:09]} Qg5 {[%clk 0:36:52]} 26. Nc6
{[%clk 0:19:48]} Rc7 {[%clk 0:33:10]} 27. d6 {[%clk 0:15:32]} Rxc6
{[%clk 0:32:19]} 28. Rxc6 {[%clk 0:15:57]} Bxc6 {[%clk 0:32:40]} 29. Rxc6
{[%clk 0:16:22]} Rd8 {[%clk 0:32:49]} 30. Qf3 {[%clk 0:11:45]} Rd7
{[%clk 0:33:11]} 31. Qd3 {[%clk 0:09:23]} Qd8 {[%clk 0:32:00]} 32. g4
{[%clk 0:08:54]} a5 {[%clk 0:31:23]} 33. a4 {[%clk 0:06:28]} Nc8 {[%clk 0:29:01]}
34. Qxh3 {[%clk 0:06:35]} Rxd6 {[%clk 0:29:10]} 35. Rxd6 {[%clk 0:06:15]} Nxd6
{[%clk 0:28:27]} 36. Qh6 {[%clk 0:05:43]} Qf6 {[%clk 0:28:09]} 37. g5
{[%clk 0:05:32]} Qg7 {[%clk 0:28:31]} 38. Qxg7+ {[%clk 0:05:57]} Kxg7
{[%clk 0:28:44]} 39. Bd5 {[%clk 0:06:17]} Nc8 {[%clk 0:27:19]} 40. Kg2
{[%clk 0:05:46]} Nb6 {[%clk 0:26:48]} 41. b3 {[%clk 0:06:10]} Nd7
{[%clk 0:27:08]} 42. Kf3 {[%clk 0:05:32]} f6 {[%clk 0:27:13]} 43. h4
{[%clk 0:05:00]} Nb6 {[%clk 0:26:39]} 44. Ke3 {[%clk 0:05:20]} f5
{[%clk 0:26:51]} 45. f4 {[%clk 0:03:19]} Nxd5+ {[%clk 0:26:56]} 46. exd5
{[%clk 0:03:43]} e4 {[%clk 0:27:20]} 47. d6 {[%clk 0:03:39]} Kf7 {[%clk 0:27:44]}
48. d7 {[%clk 0:03:50]} Ke7 {[%clk 0:28:07]} 49. h5 {[%clk 0:03:24]} 1-0